000 00580nam a2200205Ia 4500
005 20250326144737.0
008 250326s9999 xx 000 0 und d
037 _aTextbook
040 _aFMSL
_beng
_cFMSL
041 _aeng
_2eng
084 _aX:74 P8
_qFMSL
100 _aBechet T P
_9749681
245 0 _aStrategic staffing : comprehensive system for effective workforce planning
_cBechet T P
250 _a2
260 _aNY
_bNY, AMACOM
_c2008
365 _b2335.1624999999999
650 _aManagement
942 _cTB
_hX:74 P8
999 _c1304851
_d1304851